000 00605nas a2200217 4500
001 BR8900033
003 BR-BrBNA
005 20231205091430.0
007 ta
008 230509b bl.|||p| |||| 00| 00por d
040 _aBR-BrBNA
_bpor
_cBiblioteca Nacional de Agricultura
041 _a(Pt)
072 _aF01
100 1 _aTidei, C.A.
245 1 _aAvelos cerca, cura e enfeita
650 _aPLANTA MEDICINAL
650 _aAVELOS
773 0 _tBrasil Agricola (Brazil)
_xISSN 0102-8170
_g(Aug-Sep 1986), v. 1(3) p. 23
_wBR8900033
909 _a202311
_bLúcia
_c55
_dLúcia Elande
942 _2AGRIS
_n0
_cANA
999 _c125037
_d125037